Mobile communications. -- 2nd ed. (Record no. 77706)

MARC details
000 -LEADER
fixed length control field 00876nam a2200205 a 4500
008 - FIXED-LENGTH DATA ELEMENTS--GENERAL INFORMATION
fixed length control field 081016s2006 ||||||||||||||||| || u
020 ## - INTERNATIONAL STANDARD BOOK NUMBER
International Standard Book Number 8177582631
050 ## - LIBRARY OF CONGRESS CALL NUMBER
Classification number TK 6570.M6 Sch
100 ## - MAIN ENTRY--PERSONAL NAME
Personal name Schiller, Jochen H
245 10 - TITLE STATEMENT
Title Mobile communications. -- 2nd ed.
Statement of responsibility, etc. Jochen H. Schiller
250 ## - EDITION STATEMENT
Edition statement 2nd ed.
260 ## - PUBLICATION, DISTRIBUTION, ETC.
Place of publication, distribution, etc. Delhi
Name of publisher, distributor, etc. Pearson
Date of publication, distribution, etc. 2006
300 ## - PHYSICAL DESCRIPTION
Extent 512p.: ill.
350 ## -
-- 98000.00
650 ## - SUBJECT ADDED ENTRY--TOPICAL TERM
Topical term or geographic name entry element TELECOMMUNICATION
650 ## - SUBJECT ADDED ENTRY--TOPICAL TERM
Topical term or geographic name entry element MOBILE COMMUNICATION SYSTEMS
650 ## - SUBJECT ADDED ENTRY--TOPICAL TERM
Topical term or geographic name entry element WIRELES COMMUNICATION SYSTEMS
995 ## -
-- MAIN LIBRARY OPEN ACCESS
-- 98000.00
-- 738647
-- CBU-MAIN LIBRARY (Kitwe)
-- 1
-- 0.00
-- TK 6570.M6 Sch
-- 1
-- AVAILABLE
-- Oct 16, 2008
-- 738647
-- Main Library Open Access Collection
995 ## -
-- MAIN LIBRARY OPEN ACCESS
-- 98000.00
-- 738648
-- CBU-MAIN LIBRARY (Kitwe)
-- 1
-- 0.00
-- TK 6570.M6 Sch
-- 2
-- AVAILABLE
-- Oct 16, 2008
-- 738648
-- Main Library Open Access Collection
999 ## -
-- 77706
-- 77706
Holdings
Withdrawn status Lost status Source of classification or shelving scheme Damaged status Not for loan Permanent Location Current Location Shelving location Date acquired Total Checkouts Full call number Barcode Date last seen Copy number Price effective from Koha item type
          CBU-MAIN LIBRARY, KITWE. CBU-MAIN LIBRARY, KITWE.   05/03/2023   TK 6570.M6 Sch 738647 05/03/2023 1 05/03/2023 MONOGRAPH
          CBU-MAIN LIBRARY, KITWE. CBU-MAIN LIBRARY, KITWE.   05/03/2023   TK 6570.M6 Sch 738648 05/03/2023 2 05/03/2023 MONOGRAPH